00625 2200205 4500001002100000005001500021035002000036007000300056008004100059020002200100082001000122084001600132100002200148245009500170250001100265260004800276300004600324650002300370700002600393INLIS00000000000101520210730081433 a0010-0721000053ta210730 e 0 ind  a978-979-22-9097-4 a923.3 a923.3 TEG m0 aTeguh Sri Pambudi1 aMan Of Honor :bKehidupan, Semangat, dan Kearifan William Soeryadjaya /cTeguh Sri Pambudi acet. 7 aJakarta :bPT Gramedia Pustaka Utama,c2017 axviii + 680 hlm :bIlus. ;c15 cm X 23 cm aBiografi Pengusaha0 aHarmanto Edy Djatmiko